Thomas' calculus (Record no. 5229)

MARC details
000 -LEADER
fixed length control field 00367nam a2200157Ia 4500
008 - FIXED-LENGTH DATA ELEMENTS--GENERAL INFORMATION
fixed length control field 150201s2009 xx 000 0 und d
082 ## - DEWEY DECIMAL CLASSIFICATION NUMBER
Classification number 515
Item number WEI
100 ## - MAIN ENTRY--PERSONAL NAME
Personal name Weir,Maurice D
245 ## - TITLE STATEMENT
Title Thomas' calculus
250 ## - EDITION STATEMENT
Edition statement 12th . Ed.
260 ## - PUBLICATION, DISTRIBUTION, ETC. (IMPRINT)
Name of publisher, distributor, etc. Pearson
Place of publication, distribution, etc. N.Delhi
Date of publication, distribution, etc. 2009
300 ## - PHYSICAL DESCRIPTION
Extent 1228p.
700 ## - ADDED ENTRY--PERSONAL NAME
Personal name Giordano,Frank R
700 ## - ADDED ENTRY--PERSONAL NAME
Personal name Hass,Joel
942 ## - ADDED ENTRY ELEMENTS (KOHA)
Source of classification or shelving scheme Dewey Decimal Classification
Koha item type Books
Holdings
Withdrawn status Lost status Source of classification or shelving scheme Damaged status Use restrictions Not for loan Home library Current library Shelving location Date acquired SGTU Full call number Barcode Date last seen Bill Date Koha item type Total Checkouts Date last checked out
    Dewey Decimal Classification   Restricted Access Not For Loan SGT Engineering Library SGT Engineering Library Reference Book 24/06/2011 SGTU 515 WEI FE3419 09/02/2015 09/02/2015 Books    
    Dewey Decimal Classification       SGT Engineering Library SGT Engineering Library   24/06/2011 SGTU 515 WEI FE3420 09/02/2015 09/02/2015 Books    
    Dewey Decimal Classification       SGT Engineering Library SGT Engineering Library   24/06/2011 SGTU 515 WEI FE3421 02/06/2017 09/02/2015 Books 1 23/01/2017
    Dewey Decimal Classification       SGT Engineering Library SGT Engineering Library   24/06/2011 SGTU 515 WEI FE3422 09/02/2015 09/02/2015 Books    
    Dewey Decimal Classification       SGT Engineering Library SGT Engineering Library   24/06/2011 SGTU 515 WEI FE3423 09/02/2015 09/02/2015 Books